Normal view
MARC view
Entry Personal Name
001 - CONTROL NUMBER
- control field: 159742
003 - CONTROL NUMBER IDENTIFIER
- control field: OSt
005 - DATE AND TIME OF LATEST TRANSACTION
- control field: 20220923211218.0
008 - FIXED-LENGTH DATA ELEMENTS
- fixed length control field: 220923|| aca||aabn | a|a d
040 ## - CATALOGING SOURCE
- Original cataloging agency: OSt
- Transcribing agency: OSt
100 ## - HEADING--PERSONAL NAME
- Personal name: वर्मा, पवन कुमार; दुबे, अभय कुमार, अनु
670 ## - SOURCE DATA FOUND
- Source citation: Work cat.: (OSt)297002: वर्मा, पवन कुमार; दुबे, अभय कुमार, अनु., भारत केमध्य वर्ग की अजीब दास्तान, 1999
